8% odvod – od návrhu k súčasnosti
Argumenty, stanoviská a všeobecné výhrady SLASPO, voči návrhu Ministerstva financií SR a návrhu zákona č. 235/2012, ktorým sa mal zmeniť zákon o osobitnom odvode z regulovaných odvetví, kam v roku 2012 spomenutým zákonom vláda "zaradila" aj poisťovníctvo.
Uložené v:
| Hlavný autor: | |
|---|---|
| Médium: | Kapitola |
| Jazyk: | Slovak |
| Predmet: | |
| Tagy: |
Žiadne tagy, Buďte prvý, kto otaguje tento záznam!
|
MARC
| LEADER | 00000naa a2200000 4500 | ||
|---|---|---|---|
| 001 | 0229126 | ||
| 005 | 20231204141154.7 | ||
| 041 | 0 | |a slo | |
| 044 | |a SK | ||
| 245 | 1 | 0 | |a 8% odvod – od návrhu k súčasnosti |c Eva Jacková |
| 520 | |a Argumenty, stanoviská a všeobecné výhrady SLASPO, voči návrhu Ministerstva financií SR a návrhu zákona č. 235/2012, ktorým sa mal zmeniť zákon o osobitnom odvode z regulovaných odvetví, kam v roku 2012 spomenutým zákonom vláda "zaradila" aj poisťovníctvo. | ||
| 610 | 2 | 0 | |a poisťovníctvo |
| 610 | 2 | 0 | |a poisťovne |
| 610 | 2 | 0 | |a poistenie |
| 610 | 2 | 0 | |a zmluvy poistné |
| 610 | 2 | 0 | |a rezervy technické |
| 610 | 2 | 0 | |a odvody do rozpočtu štátneho |
| 610 | 2 | 0 | |a zákony |
| 100 | 1 | |a Jacková, Eva | |